000 01462nam a2200361Ia 4500
001 ebr10201404
003 CaPaEBR
006 m u
007 cr cn|||||||||
008 061103s2006 si a sb 000 0 eng d
010 _z 2006285512
020 _z9789812568892
020 _z9812568891
040 _aCaPaEBR
_cCaPaEBR
035 _a(OCoLC)299584957
050 1 4 _aQA267.3
_b.F698 2006eb
245 0 0 _aFormal models, languages and applications
_h[electronic resource] /
_ceditors, K.G. Subramanian, K. Rangarajan, M. Mukund.
260 _aSingapore ;
_aHackensack, NJ. :
_bWorld Scientific,
_cc2006.
300 _aviii, 410 p. :
_bill.
490 1 _aSeries in machine perception and artificial intelligence ;
_vv. 66
504 _aIncludes bibliographical references.
533 _aElectronic reproduction.
_bPalo Alto, Calif. :
_cebrary,
_d2009.
_nAvailable via World Wide Web.
_nAccess may be limited to ebrary affiliated libraries.
650 0 _aCompilers (Computer programs)
650 0 _aComputational complexity.
650 0 _aFormal languages.
655 7 _aElectronic books.
_2local
700 1 _aMukund, Madhavan.
700 1 _aRangarajan, K.
700 1 _aSubramanian, K. G.
710 2 _aebrary, Inc.
830 0 _aSeries in machine perception and artificial intelligence ;
_vv. 66.
856 4 0 _uhttp://site.ebrary.com/lib/rucke/Doc?id=10201404
_zAn electronic book accessible through the World Wide Web; click to view
999 _c120113
_d120113